<?xml version="1.0" encoding="UTF-8"?><?xml-stylesheet type="text/xsl" href="static/style.xsl"?><OAI-PMH xmlns="http://www.openarchives.org/OAI/2.0/" xmlns:xsi="http://www.w3.org/2001/XMLSchema-instance" xsi:schemaLocation="http://www.openarchives.org/OAI/2.0/ http://www.openarchives.org/OAI/2.0/OAI-PMH.xsd"><responseDate>2026-04-13T01:45:48Z</responseDate><request verb="GetRecord" identifier="oai:www.recercat.cat:2117/442771" metadataPrefix="marc">https://recercat.cat/oai/request</request><GetRecord><record><header><identifier>oai:recercat.cat:2117/442771</identifier><datestamp>2025-10-02T15:19:46Z</datestamp><setSpec>com_2072_1033</setSpec><setSpec>col_2072_452951</setSpec></header><metadata><record xmlns="http://www.loc.gov/MARC21/slim" xmlns:dcterms="http://purl.org/dc/terms/" xmlns:xsi="http://www.w3.org/2001/XMLSchema-instance" xmlns:doc="http://www.lyncode.com/xoai" xsi:schemaLocation="http://www.loc.gov/MARC21/slim http://www.loc.gov/standards/marcxml/schema/MARC21slim.xsd">
   <leader>00925njm 22002777a 4500</leader>
   <datafield ind2=" " ind1=" " tag="042">
      <subfield code="a">dc</subfield>
   </datafield>
   <datafield ind2=" " ind1=" " tag="720">
      <subfield code="a">Martinez Mendoza, Elizabeth</subfield>
      <subfield code="e">author</subfield>
   </datafield>
   <datafield ind2=" " ind1=" " tag="260">
      <subfield code="c">2025-07-17</subfield>
   </datafield>
   <datafield ind2=" " ind1=" " tag="520">
      <subfield code="a">This thesis presents a comparative analysis of the thermal behavior of an internal combustion engine (ICE) before and after a design change that modifies the air intake to the engine compartment. The main objective is to determine whether the new design alters the temperature distribution of critical engine components, potentially compromising performance and reliability. The methodology consists of full-scale testing of two vehicle variants: baseline (A) and modified (B), subjected to four different operating conditions: maximum speed, mountain ascent with and without load, and mountain ascent with load at high speed. The evaluations were conducted using wind tunnel facilities to simulate the testing requirements in climate conditions, airflow speed, and mountain slope. The test vehicle equipment included precise instrumentation, including thermocouples, piezoresistive pressure sensor, turbine flow meters, and photoelectric angular velocity sensors. The data collected from 84 measurement points were processed using INCA, MDA and Python to monitor on real time, generate time-series graphs and create regression models, respectively. The results show that, although most components remain within acceptable temperature ranges, four sensors presented significant differences in temperature behavior between variants A and B. A detailed analysis conducted for the vent pipe near the turbocharger, including heat transfer calculations and polynomial regression models, suggests that the design change led to its increase in temperature, with values exceeding operational limits, in two of the experiments due to the chimney effect. An environmental and cost assessment revealed that the total emissions for the execution of the test exceeded 4 tons of CO2 and the estimated project cost was approximately C51,493. These studies emphasize the importance of optimizing test procedures and design validations. In conclusion, while the design modification achieves its intended function, it introduces localized thermal alterations that must be considered. Further work should explore the development of a general temperature prediction model to study the impact of alternative airflow geometries, thermal resistant materials, or integrated cooling solutions.</subfield>
   </datafield>
   <datafield ind1="8" ind2=" " tag="024">
      <subfield code="a">http://hdl.handle.net/2117/442771</subfield>
   </datafield>
   <datafield tag="653" ind2=" " ind1=" ">
      <subfield code="a">Àrees temàtiques de la UPC::Enginyeria mecànica</subfield>
   </datafield>
   <datafield tag="653" ind2=" " ind1=" ">
      <subfield code="a">Internal combustion engines</subfield>
   </datafield>
   <datafield tag="653" ind2=" " ind1=" ">
      <subfield code="a">Photoelectricity</subfield>
   </datafield>
   <datafield tag="653" ind2=" " ind1=" ">
      <subfield code="a">Motors de combustió interna</subfield>
   </datafield>
   <datafield tag="653" ind2=" " ind1=" ">
      <subfield code="a">Fotoelectricitat</subfield>
   </datafield>
   <datafield ind2="0" ind1="0" tag="245">
      <subfield code="a">Study on thermomechanical experience in motor project</subfield>
   </datafield>
</record></metadata></record></GetRecord></OAI-PMH>